Issues in rural livlihood / (Record no. 142375)

MARC details
000 -LEADER
fixed length control field 00609nam a22001937a 4500
005 - DATE AND TIME OF LATEST TRANSACTION
control field 20170707150957.0
010 ## - LCCN (DPL NO)
LC control number ENG-119197
020 ## - INTERNATIONAL STANDARD BOOK NUMBER
International Standard Book Number 9788180642364
Terms of availability 250.00
035 ## - SYSTEM CONTROL NUMBER
System control number EN-102729
037 ## - SOURCE OF ACQUISITION
Source of stock number/acquisition DBAD/PUB
082 ## - DEWEY DECIMAL CLASSIFICATION NUMBER
Classification number 307.14120954
245 ## - TITLE STATEMENT
Title Issues in rural livlihood /
Statement of responsibility, etc edited by Sheeladitya Paul [and] Subikash Chowdhury
260 ## - PUBLICATION, DISTRIBUTION, ETC. (IMPRINT)
Name of publisher, distributor, etc Progressive Publishers
Place of publication, distribution, etc Kolkata
Date of publication, distribution, etc 2016
270 ## - ADDRESS
Address 37A,College Street
City Kolkata
Postal code 700073
300 ## - PHYSICAL DESCRIPTION
Extent 270p. :
Dimensions 23cm (Hb)
Other physical details ill
700 ## - ADDED ENTRY--PERSONAL NAME
Personal name Paul,Sheeladitya
700 ## - ADDED ENTRY--PERSONAL NAME
Personal name Chowdhury,Subikash
942 ## - ADDED ENTRY ELEMENTS (KOHA)
Source of classification or shelving scheme Dewey Decimal Classification
Item type English Books
Classification part 307.14120954
Call number suffix ISS
Holdings
Withdrawn status Lost status Not for loan Collection code Home library Current library Date acquired Source of acquisition Cost, normal purchase price Full call number Barcode Copy number Cost, replacement price Koha item type
    Not For Loan Non-fiction D.B.Act.Division Bawana 07/07/2017 DBAD/PUB 250.00 307.14120954 ISS EN-102729 1 250.00 English Books

© Delhi Public Library
Hit Counter
free hit counter